Normal view
MARC view
Entry Topical Term
001 - CONTROL NUMBER
- control field: 30424
003 - CONTROL NUMBER IDENTIFIER
- control field: OSt
005 - DATE AND TIME OF LATEST TRANSACTION
- control field: 20220314160417.0
008 - FIXED-LENGTH DATA ELEMENTS
- fixed length control field: 220314|| aca||aabn | a|a d
040 ## - CATALOGING SOURCE
- Original cataloging agency: OSt
- Transcribing agency: OSt
150 ## - HEADING--TOPICAL TERM
- Topical term or geographic name entry element: Employer engagement, Disability, Activation policy, HRM, Employment services.
670 ## - SOURCE DATA FOUND
- Source citation: Work cat.: (OSt): Berke, Rik Van 30423, Employer engagement in promoting the labour-market participation of jobseekers with disabilities: An employer perspective
